Sports Quiz

Random Sports or Auto Racing Quiz

2017 FIA Formula 2 Drivers Quiz Stats

 Plays Quiz not verified by Sporcle

Score 0/28 Timer 08:00
0 Plays Today
Team Driver % Correct
Prema RacingCharles Leclerc
94.3%
Russian TimeArtem Markelov
79.2%
Prema RacingAntonio Fuoco
73.6%
ARTAlexander Albon
71.7%
Rapax/ Racing EngineeringNyck de Vries
67.3%
Russian TimeLuca Ghiotto
61.6%
DAMSOliver Rowland
61.6%
DAMSNicholas Latifi
58.5%
ARTSergey Sirotkin
56%
ARTNobuharu Matsushita
55.3%
Campos/ RapaxRoberto Merhi
53.5%
ArdenSean Gelael
52.2%
MP MotorsportSérgio Sette Câmara
49.7%
MP MotorsportJordan King
49.7%
Team Driver % Correct
Racing Engineering/ RapaxLouis Delétraz
44.7%
Trident/ RapaxSergio Canamasas
44%
ArdenNorman Nato
42.8%
TridentSantino Ferrucci
40.9%
Racing EngineeringGustav Malja
40.3%
CamposRalph Boschung
38.4%
RapaxJohnny Cecotto Jr.
35.8%
TridentNabil Jeffri
32.7%
CamposStefano Coletti
30.2%
TridentRaffaele Marciello
28.9%
CamposRobert Vișoiu
28.3%
CamposÁlex Palou
27.3%
TridentCallum Ilott
26.4%
RapaxRene Binder
21.8%

You're not logged in!

Compare scores with friends on all Sporcle quizzes.
OR
Log In

Sporcle TV

Today on Sporcle TV


Watch our educational content, quiz creation guides, and fun videos on Sporcle TV.

Show Comments

Extras

Top Quizzes Today


Score Distribution

Your Account Isn't Verified!

In order to create a playlist on Sporcle, you need to verify the email address you used during registration. Go to your Sporcle Settings to finish the process.

Report this User

Report this user for behavior that violates our Community Guidelines.

Details: